000 00589nam a2200205Ii 4500
003 JO-AjNU
008 230606s9999||||xx |||||||||||||| ||und||
020 _a978-1-536-19378-7
040 _aJO-AjNU
_beng
_erda
_cJO-AjNU
041 _aeng
050 1 4 _aQA76.9.M65.K37 2021
100 3 _aKarrar, Abdelrahmanm, Kamal Dahbur ,
_eauthor
_96404
245 0 0 _aComputing Ethics
264 3 1 _aNew York: Nova Science,2021
300 _a149p
336 _atext
_btxt
_2rdacontent
337 _aunmediated
_bn
_2rdamedia
338 _avolume
_bnc
_2rdacarrier
650 4 _aComputing Ethics
_96405
999 _aE3321
_c3317
_d3317